Telecomunicaciones en Salud y Atencion de Salud para America Latina y el caribe (Registro nro. 1489)

Detalles MARC
000 -LEADER
fixed length control field 00987nam a2200241 a 4500
003 - CONTROL NUMBER IDENTIFIER
control field OSt
005 - FECHA ULTIMA MODIFICACION
control field 20130612164145.0
008 - FIXED-LENGTH DATA ELEMENTS--GENERAL INFORMATION
fixed length control field 130612s1997 -us||||| ||||o00| 0 spa d
040 ## - CATALOGING SOURCE
Transcribing agency Biblioteca Medicina
041 ## - LANGUAGE CODE
Language code of text/sound track or separate title spa
082 ## - DEWEY DECIMAL CLASSIFICATION NUMBER
Classification number OMS HSP 1
100 1# - MAIN ENTRY--PERSONAL NAME
Personal name Rodriguez, Roberto ed.
9 (RLIN) 2416
245 00 - TITLE STATEMENT
Title Telecomunicaciones en Salud y Atencion de Salud para America Latina y el caribe
250 ## - EDITION STATEMENT
Edition statement 1° ed.
260 ## - PUBLICATION, DISTRIBUTION, ETC. (IMPRINT)
Place of publication, distribution, etc Washington DC
Name of publisher, distributor, etc Organizacion Mundial de la Salud
-- Organizacion Panamericana de la Salud
Date of publication, distribution, etc 1997
300 ## - PHYSICAL DESCRIPTION
Extent 61 p.
653 ## - INDEX TERM--UNCONTROLLED
Uncontrolled term TELECOMUNICACIONES-TENDENCIAS
700 10 - ADDED ENTRY--PERSONAL NAME
Personal name Crawford, Catherine ed.
9 (RLIN) 2417
700 10 - ADDED ENTRY--PERSONAL NAME
Personal name Koss, Shannah ed.
9 (RLIN) 2418
700 10 - ADDED ENTRY--PERSONAL NAME
Personal name McDonald, Michael ed.
9 (RLIN) 2419
942 ## - ADDED ENTRY ELEMENTS (KOHA)
Source of classification or shelving scheme Dewey Decimal Classification
Koha item type Hemeroteca
Existencias
Withdrawn status Lost status Fuente de clasificación Damaged status Not for loan Colección Ubicación permanente Ubicación actual Sala de ubicación Fecha de adquisición Total Checkouts Número de clasificación Código de barras Date last seen Número de ejemplar Price effective from Koha tipo de elemento (item)
    Dewey Decimal Classification     Non-fiction Biblioteca Medicina Biblioteca Medicina Circulación 12/06/2013   OMS HSP 1 H0018 06/11/2014 Ej. 1 12/06/2013 Hemeroteca

UNIVERSIDAD NACIONAL DEL COMAHUE
Biblioteca de la Facultad de Ciencias Médicas
Sede Toschi: Los Arrayanes y Av. Toschi, Cipolletti  - Rio Negro
Sede Los Tordos:  Yrigoyen al 2211, Cipolletti - Rio Negro 

Teléfono: 0299 - 4774707 int 25
Contacto: biblioteca@facimed.uncoma.edu.ar
© 2011 - 2026